WWII Quiz By Letter -A - Statistics

General Stats
  • This quiz has been taken 35 times
  • The average score is 6 of 20
Answer Stats
Hint Answer % Correct
Hitler's first name Adolf
100%
Where Anne Frank hid throughout the war Amsterdam
87%
Nazi death camp with the most people killed. Auschwitz
77%
This kind of bomb was dropped on Hiroshima and Nagasaki Atomic Bomb
67%
The final battle of North Africa causing the retreat of the Axis forces from Africa Alamein
37%
Belgian City which was surrounded during the Battle of the Bulge Antwerp
37%
Hitler's last offensive, the location of the Battle of the Bulge The Ardennes
37%
What the Admiral says to evacuate the ship Abandon Ship
33%
One of the four main aircraft carriers that bomber Pearl Harbor Akagi
27%
Aircraft brand which made the Lancaster Avro
23%
Soviet Army, also known as the... Red Army
23%
Considered the strongest ships at sea during WWII Aircraft Carrier
20%
Aircraft Carrier who sunk the Bismarck Ark Royal
17%
Japan attacked this area to divert Admiral Nimitz away from Midway Alaska
13%
One of the targets among the Island Hopping Campaign (Example: Truk) Atoll
10%
German pocket battleship who destroyed trnasport ships in the North Atlantic Admiral Graf Spee
3%
Hitler's main air offensive against the mainland UK Alderangriff
0%
Ship holding prisoners attacked at Jøssingfjord Altmark
0%
This General surrendered Singapore to General Yamashita Arthur Percival
0%
He wanted independence from Britain but switched sides during the war in Burma Aung San
0%
No matching quizzes found
Score Distribution
Percent of People with Each Score
Percentile by Number Answered
Your Score History
You have not taken this quiz